000 00483nam a2200181Ia 4500
001 13319
005 20260306164752.0
008 260306t2014||||xx |||||||||||||| ||spa||
041 _aESP
082 _a001.42
_bR25
100 _aRapley, Tim
_eAUT
245 0 _aLos análisis de la conversación, del discurso y de documentos en investigación cualitativa
260 _c2014
300 _a183 páginas :
_c24 cm.
650 _aGEN
654 _aCCC
942 _cLIB
_dJUS
_fJUS
_2ddc
_n
999 _c13319
_d13319